00806nam a2200241 i 4500001001000000003000900010005001700019007000300036008004100039040003000080041000800110082002000118100005300138245011800191264006900309300002800378336002700406337003300433338002800466563005200494740001500546830000300561000022675DO-SdBNP20260305095026.0ta260405s190? es 001 0 spa d aDO-SdBNPbspacBNPHUerda aspa axxxxbC419n2221 aCervantes Saavedra, Miguel de,d1547-1616eautor10aNovelas ejemplares ;bla española ingelesa, licenciado vidriera, la fuerza de la sangre /cMiguel de Cervantes. aMadrid, :b[Ëditora no identificada],c[Fecha no identificada] a102 páginas ;c22 cm. ardacontentbtexto2txt ardamediabsin mediación2n ardacarrierbvolumen2nc aVarias obras empaginadas en páginas continuas2 aEntremeses